Leyendas andaluzas / (Record no. 7408)

MARC details
000 -LEADER
campo de control de longitud fija 00843nam a2200253 i 4500
001 - NÚMERO DE CONTROL
campo de control 7408
003 - IDENTIFICADOR DE NÚMERO DE CONTROL
campo de control ES-MaACL
005 - FECHA Y HORA DE LA ÚLTIMA TRANSACCIÓN
campo de control 20250825062625.0
007 - CAMPO FIJO DE DESCRIPCIÓN FÍSICA--INFORMACIÓN GENERAL
campo de control de longitud fija t|
008 - DATOS DE LONGITUD FIJA--INFORMACIÓN GENERAL
campo de control de longitud fija 901219s1990 sp |||| | spa d
020 ## - NÚMERO INTERNACIONAL ESTÁNDAR DEL LIBRO
Número Internacional Estándar del Libro 84-239-7134-1
080 ## - NÚMERO DE LA CLASIFICACIÓN DECIMAL UNIVERSAL
Número de la Clasificación Decimal Universal 86-343"19"
100 1# - ENTRADA PRINCIPAL--NOMBRE DE PERSONA
Nombre de persona Jiménez Martos, Luis,
Fechas asociadas al nombre 1926-2003
9 (RLIN) 66562
245 10 - MENCIÓN DEL TÍTULO
Título Leyendas andaluzas /
Mención de responsabilidad, etc. Luis Jiménez Martos ; ilustraciones de Shula Goldman.
260 ## - PUBLICACIÓN, DISTRIBUCIÓN, ETC.
Lugar de publicación, distribución, etc. Madrid :
Nombre del editor, distribuidor, etc. Espasa-Calpe,
Fecha de publicación, distribución, etc. [1990]
300 ## - DESCRIPCIÓN FÍSICA
Extensión 156 p. :
Otras características físicas il. ;
Dimensiones 18 cm.
490 1# - MENCIÓN DE SERIE
Mención de serie Austral juvenil ;
Designación de volumen o secuencia 134
650 #4 - PUNTO DE ACCESO ADICIONAL DE MATERIA--TÉRMINO DE MATERIA
Término de materia o nombre geográfico como elemento de entrada Leyendas-
Subdivisión geográfica Andalucía-
Subdivisión de forma Libros infantiles.
9 (RLIN) 167981
655 #7 - TERMINO DE INDIZACIÓN--GENERO/FORMA
Datos o término principal de género/forma Libros infantiles
Fuente del término tgfbne
9 (RLIN) 226786
700 1# - ENTRADA AGREGADA--NOMBRE PERSONAL
Nombre de persona Goldman, Shula,
Término indicativo de función/relación
9 (RLIN) 195434
830 0# - PUNTO DE ACCESO ADICIONAL DE SERIE-TÍTULO UNIFORME
Título uniforme Austral juvenil ;
Designación de volumen o secuencia 134
9 (RLIN) 227888
852 4# - LOCALIZACIÓN
Ubicación ES-MaACL
Número de control de estantería L-14693
Nota libre - Dedicatoria autógrafa del autor
Holdings
Estatus retirado Estado de pérdida Fuente del sistema de clasificación o colocación Estado de daño No para préstamo Colección Biblioteca de origen Biblioteca actual Ubicación en estantería Fecha de adquisición Total de préstamos Signatura topográfica completa Código de barras Visto por última vez Precio de reemplazo Tipo de ítem Koha Nota pública
    Clasificación decimal universal     Libros con dedicatorias Biblioteca del Ateneo de Madrid Biblioteca del Ateneo de Madrid Depósito 2 17/01/2008   L-14693 1007555 23/02/2023 23/02/2023 Libro impreso Dedicatoria autógrafa del autor